| 000 -LEADER |
| fixed length control field |
00981nam a22001697a 4500 |
| 005 - DATE AND TIME OF LATEST TRANSACTION |
| control field |
20260123085925.0 |
| 008 - FIXED-LENGTH DATA ELEMENTS--GENERAL INFORMATION |
| fixed length control field |
230714b ||||| |||| 00| 0 eng d |
| 040 ## - CATALOGING SOURCE |
| Transcribing agency |
SSBUL |
| Modifying agency |
SSBUL |
| 082 ## - DEWEY DECIMAL CLASSIFICATION NUMBER |
| Edition number |
23 |
| Classification number |
၉၅၉.၁၀၃ သိန်း ၁၆၀၆၂ (S-SAT) |
| 100 ## - MAIN ENTRY--PERSONAL NAME |
| Personal name |
သိန်းကြီး၊ |
| Titles and words associated with a name |
ဆရာ၊ |
| Miscellaneous information |
မော်ပီ။ |
| 9 (RLIN) |
28024 |
| 245 10 - TITLE STATEMENT |
| Title |
ပစပ်ရာဇဝင် ပ-ဒု နှစ်တွဲပေါင်း / |
| Statement of responsibility, etc. |
မော်ပီ ဆရာသိန်းကြီး၊ ဦးမြင့်လွင် တည်းဖြတ်သည်။ |
| 260 ## - PUBLICATION, DISTRIBUTION, ETC. |
| Place of publication, distribution, etc. |
ရန်ကုန်၊ |
| Name of publisher, distributor, etc. |
အေးအေးစာပုံနှိပ်တိုက်၊ |
| Date of publication, distribution, etc. |
၁၉၆၇။ |
| 300 ## - PHYSICAL DESCRIPTION |
| Extent |
၄၉၆ စာမျက်နှာ၊ |
| Dimensions |
၁၇ စင်တီ။ |
| 500 ## - GENERAL NOTE |
| General note |
S-SAT: Dr. Prof Sai Aung Tun |
| 651 ## - SUBJECT ADDED ENTRY--GEOGRAPHIC NAME |
| Geographic name |
မြန်မာနိုင်ငံ |
| Form subdivision |
သမိုင်း |
| General subdivision |
ကုန်းဘောင်ခေတ်။ |
| 9 (RLIN) |
28025 |
| 942 ## - ADDED ENTRY ELEMENTS (KOHA) |
| Source of classification or shelving scheme |
|
| Koha item type |
Book (Short term) |